Southville International School and Colleges
Your cart is empty.
  • Cart
  • Lists
    Public lists Eva Luna New books Lux_list list_1
    Your lists Log in to create your own lists
  • Log in to your account
  • Your cookies
  • Search history
Southville International School and Colleges
  • Advanced search
  • Recent comments
  • Most popular
  • Libraries

Log in to your account

Log in with GOOGLE


If you do not have an external account, but do have a local account, you can still log in:

  1. Home
  2. MARC view: Essential chemistry :
Normal view MARC view ISBD view

Essential chemistry : (Record no. 9554)

[ view plain ]
MARC details
000 -LEADER
fixed length control field 00723nam a22002177a 4500
003 - CONTROL NUMBER IDENTIFIER
control field SISC
005 - DATE AND TIME OF LATEST TRANSACTION
control field 20160217135526.0
008 - FIXED-LENGTH DATA ELEMENTS--GENERAL INFORMATION
fixed length control field 130827t xxu||||| |||| 00| 0 eng d
020 ## - INTERNATIONAL STANDARD BOOK NUMBER
International Standard Book Number 9780071179027
050 ## - LIBRARY OF CONGRESS CALL NUMBER
Classification number QD 33.
Item number C456 2000
082 ## - DEWEY DECIMAL CLASSIFICATION NUMBER
Classification number HS 540
Item number C362 2000
100 ## - MAIN ENTRY--PERSONAL NAME
Personal name Chang, Raymond
9 (RLIN) 3925
245 ## - TITLE STATEMENT
Title Essential chemistry :
Remainder of title a core text for general chemistry /
Statement of responsibility, etc Raymond Chang.
260 ## - PUBLICATION, DISTRIBUTION, ETC. (IMPRINT)
Place of publication, distribution, etc Boston :
Name of publisher, distributor, etc McGraw Hill Higher Education,
Date of publication, distribution, etc 2000.
300 ## - PHYSICAL DESCRIPTION
Extent 775 p. :
Other physical details col. ill. ;
Dimensions 26 cm.
650 ## - SUBJECT ADDED ENTRY--TOPICAL TERM
Topical term or geographic name as entry element 1. Electricity
General subdivision Experiments
Geographic subdivision Juvenile Literature.
9 (RLIN) 14073
650 ## - SUBJECT ADDED ENTRY--TOPICAL TERM
Topical term or geographic name as entry element Magnetism
General subdivision Experiments
Geographic subdivision Juvenile Literature.
9 (RLIN) 14074
650 ## - SUBJECT ADDED ENTRY--TOPICAL TERM
Topical term or geographic name as entry element Experiments.
9 (RLIN) 2007
942 ## - ADDED ENTRY ELEMENTS (KOHA)
Source of classification or shelving scheme Library of Congress Classification
Koha item type Books
Holdings
Withdrawn status Lost status Source of classification or shelving scheme Damaged status Home library Current library Shelving location Date acquired Total Checkouts Full call number Barcode Date last seen Date checked out Copy number Price effective from Koha item type
    Library of Congress Classification   Luxembourg Library Luxembourg Library High School Section 08/27/2013 1 QD 33. C434 2000 8446 10/21/2016 10/11/2016 1 10/03/2013 Books

Essential chemistry :

APA

Chang R., . (2000). Essential chemistry. Boston: McGraw Hill Higher Education.

Chicago

Chang Raymond, . 2000. Essential chemistry. Boston: McGraw Hill Higher Education.

Harvard

Chang R., . (2000). Essential chemistry. Boston: McGraw Hill Higher Education.

MLA

Chang Raymond, . Essential chemistry. Boston: McGraw Hill Higher Education. 2000.

  • Place hold
  • Print
  • Cite
  • Add to your cart (remove)
  • Save record
    BIBTEX Dublin Core MARCXML MARC (non-Unicode/MARC-8) MARC (Unicode/UTF-8) MARC (Unicode/UTF-8, Standard) MODS (XML) RIS
  • More searches
    Search for this title in:
    Other Libraries (WorldCat) Other Databases (Google Scholar) Online Stores (Bookfinder.com) Open Library (openlibrary.org)

Exporting to Dublin Core...

SOUTHVILLE LIBRARY

Southville International School and Colleges Library

1281 Tropical Ave. Cor. Luxembourg St., BF Homes International, Las Pinas City

Tel. No. 8256374 / 252358 Loc. 117/146

Powered by Koha